| 000 | 00754nam0a22002411 4500 | ||
|---|---|---|---|
| 001 | rc\2703469 | ||
| 005 | 20250623171036.0 | ||
| 035 | _a(NLR Aleph) 006831581 | ||
| 090 |
_a6550700 _c6550700 |
||
| 100 | _a20110915d1934 |||y0rusy50 ca | ||
| 101 | 0 | _arus | |
| 102 | _aRU | ||
| 105 | _aa z |||c| | ||
| 200 | 1 |
_aЛетчики-планеристы _eОчерки _fБ. Вишневский |
|
| 210 |
_aМосква _cГос. воен. изд-во _d1934 _gЦентр. тип. им. К. Ворошилова |
||
| 215 |
_aОбл., 74, [2] с. _cил. _d20х14 см. |
||
| 700 | 1 |
_aВишневский _bБ. _gБорис |
|
| 801 | 0 |
_aRU _bNLR _gpsbo |
|
| 801 | 1 |
_aRU _bELAR _2rusmarc |
|
| 852 |
_aNLR _j34-9/3427 |
||
| 942 | _cBOOK | ||
| 980 | _aNB | ||